[Event "Ruhrgebiet Regionalliga 1415"]
[Site "Germany"]
[Date "2015.02.22"]
[Round "6.6"]
[White "Lang, Daniel"]
[Black "Vierbuchen, Joachim"]
[Result "0-1"]
[WhiteElo "1948"]
[BlackElo "1918"]
[PlyCount "52"]
[EventDate "2014.09.28"]
[EventType "team-tourn"]
[EventRounds "9"]
[EventCountry "GER"]
[SourceTitle "EXT 2022"]
[Source "ChessBase"]
[SourceDate "2021.10.06"]
[SourceVersion "1"]
[SourceVersionDate "2021.10.06"]
[SourceQuality "1"]
[WhiteTeam "Wattenscheid SV II"]
[BlackTeam "Hamm SV"]
[WhiteTeamCountry "GER"]
[BlackTeamCountry "GER"]

1. d4 g6 2. c4 Bg7 3. Nc3 d6 4. e4 e5 5. d5 c6 6. Be3 cxd5 7. cxd5 a6 8. Qa4+ Bd7 9. Qb4 b5 10. Qxd6 Ne7 11. Bd3 Nc8 12. Qa3 Bf8 13. b4 a5 14. Bc5 Na6 15. Bxf8 Kxf8 16. Qxa5 Nb6 17. Bxb5 Nc5 18. Ba6 Nxa6 19. Nf3 Nc4 20. Qxd8+ Rxd8 21. a3 Ra8 22. Nd2 Nb6 23. Ke2 Ke7 24. Rhb1 Rhc8 25. Kd3 Na4 26. Rc1 Nxc3 0-1

[Event "NRW Verbandsliga Group2 1314"]
[Site "Nordrheinwestfalen"]
[Date "2014.03.09"]
[Round "8"]
[White "Vierbuchen, Joachim"]
[Black "Strathoff, Dirk"]
[Result "1/2-1/2"]
[WhiteElo "1903"]
[BlackElo "1929"]
[PlyCount "105"]
[EventDate "2013.09.08"]
[EventType "team-tourn"]
[EventRounds "9"]
[EventCountry "GER"]
[SourceTitle "EXT 2020"]
[Source "ChessBase"]
[SourceDate "2019.10.17"]
[SourceVersion "1"]
[SourceVersionDate "2019.10.17"]
[SourceQuality "1"]
[WhiteTeam "Hamm SVg"]
[BlackTeam "Brackel SF II"]
[WhiteTeamCountry "GER"]
[BlackTeamCountry "GER"]

1. d4 f5 2. g3 Nf6 3. Bg2 e6 4. c4 c5 5. d5 e5 6. Nc3 d6 7. e4 Be7 8. Nge2 0-0 9. 0-0 Na6 10. Bd2 Nc7 11. Nc1 Nxe4 12. Nxe4 fxe4 13. Bxe4 Bf5 14. Bxf5 Rxf5 15. Qg4 Qd7 16. Bh6 Ne8 17. h4 Kh8 18. Bd2 Nf6 19. Qe2 Rf8 20. Nd3 Ng8 21. f3 R5f6 22. Kh2 Rf5 23. b3 Qd8 24. Kg2 Qe8 25. g4 R5f7 26. Be1 Qd7 27. Bg3 Nf6 28. Nf2 a6 29. a4 b6 30. Ne4 h6 31. Rh1 Nxe4 32. fxe4 Kg8 33. Raf1 Qd8 34. Rxf7 Rxf7 35. h5 Bg5 36. Kh3 Qf6 37. Kg2 Bf4 38. Bh4 Bg5 39. Bg3 g6 40. Rf1 Bf4 41. hxg6 Qxg6 42. Bxf4 exf4 43. Kf3 Qg5 44. Qh2 Qg7 45. Qd2 Qf6 46. Rh1 Rg7 47. Rh5 Qa1 48. Qxf4 Qd1+ 49. Kg3 Qxb3+ 50. Kh4 Qd1 51. Rf5 Qe1+ 52. Kh3 Qh1+ 53. Kg3 1/2-1/2

[Event "NRW Verbandsliga Group2 1314"]
[Site "Nordrheinwestfalen"]
[Date "2014.01.26"]
[Round "6"]
[White "Vierbuchen, Joachim"]
[Black "Herrmann, Christoph"]
[Result "1/2-1/2"]
[WhiteElo "1903"]
[BlackElo "1796"]
[PlyCount "76"]
[EventDate "2013.09.08"]
[EventType "team-tourn"]
[EventRounds "9"]
[EventCountry "GER"]
[SourceTitle "EXT 2020"]
[Source "ChessBase"]
[SourceDate "2019.10.17"]
[SourceVersion "1"]
[SourceVersionDate "2019.10.17"]
[SourceQuality "1"]
[WhiteTeam "Hamm SVg"]
[BlackTeam "Dortmund SV"]
[WhiteTeamCountry "GER"]
[BlackTeamCountry "GER"]

1. d4 Nf6 2. c4 c5 3. d5 b5 4. cxb5 a6 5. bxa6 g6 6. Nc3 Bxa6 7. e4 Bxf1 8. Kxf1 d6 9. Nge2 Bg7 10. h3 0-0 11. Kg1 Nbd7 12. Rb1 Qa5 13. b3 Rfb8 14. Bd2 Ne8 15. Kh2 Nc7 16. a4 Qa6 17. f4 e6 18. Be3 Nf6 19. dxe6 fxe6 20. Qc2 Qc6 21. Rbd1 d5 22. e5 Nd7 23. Bf2 Rb7 24. Na2 Rab8 25. b4 Bf8 26. Nd4 Qb6 27. Nb3 Qa6 28. Nxc5 Nxc5 29. Bxc5 Bxc5 30. Qxc5 Qxa4 31. Nc3 Qe8 32. Rd4 Nb5 33. Nxb5 Rxb5 34. Qd6 R8b6 35. Qc7 Rb7 36. Qd6 R7b6 37. Qc7 Rb7 38. Qd6 R7b6 1/2-1/2

[Event "NRW Verbandsliga Group2 1314"]
[Site "Nordrheinwestfalen"]
[Date "2013.11.03"]
[Round "3"]
[White "Vierbuchen, Joachim"]
[Black "Schmitz, Juergen"]
[Result "1-0"]
[WhiteElo "1903"]
[BlackElo "1901"]
[PlyCount "31"]
[EventDate "2013.09.08"]
[EventType "team-tourn"]
[EventRounds "9"]
[EventCountry "GER"]
[SourceTitle "EXT 2020"]
[Source "ChessBase"]
[SourceDate "2019.10.17"]
[SourceVersion "1"]
[SourceVersionDate "2019.10.17"]
[SourceQuality "1"]
[WhiteTeam "Hamm SVg"]
[BlackTeam "Rochade Steele/Kray"]
[WhiteTeamCountry "GER"]
[BlackTeamCountry "GER"]

1. d4 f5 2. g3 Nf6 3. Bg2 g6 4. Nh3 Bg7 5. 0-0 0-0 6. c4 d6 7. d5 h6 8. Nf4 Qe8 9. Qc2 e5 10. dxe6 c6 11. e7 Rf7 12. Nxg6 Kh7 13. Nh4 Ng8 14. Bf4 Qxe7 15. e4 fxe4 16. Bxe4+ 1-0

[Event "NRW Verbandsliga Group2 1314"]
[Site "Nordrheinwestfalen"]
[Date "2013.09.08"]
[Round "1"]
[White "Pilat, Fabian"]
[Black "Vierbuchen, Joachim"]
[Result "1/2-1/2"]
[WhiteElo "1929"]
[BlackElo "1903"]
[PlyCount "46"]
[EventDate "2013.09.08"]
[EventType "team-tourn"]
[EventRounds "9"]
[EventCountry "GER"]
[SourceTitle "EXT 2020"]
[Source "ChessBase"]
[SourceDate "2019.10.17"]
[SourceVersion "1"]
[SourceVersionDate "2019.10.17"]
[SourceQuality "1"]
[WhiteTeam "Bochum SG III"]
[BlackTeam "Hamm SVg"]
[WhiteTeamCountry "GER"]
[BlackTeamCountry "GER"]

1. d4 Nf6 2. Nf3 g6 3. Nbd2 d5 4. b4 c6 5. e3 Bg7 6. Bb2 a5 7. b5 a4 8. a3 Qa5 9. bxc6 bxc6 10. Be2 Ne4 11. 0-0 Nc3 12. Qe1 Nxe2+ 13. Qxe2 Ba6 14. c4 dxc4 15. Nxc4 Qb5 16. Rfc1 Nd7 17. Rab1 Qf5 18. Qd1 Bb5 19. Nfd2 Nf6 20. h3 h5 21. Nb6 Ra6 22. Rc5 Qd3 23. Rc3 Qf5 1/2-1/2

[Event "Ruhrgebiet Verbandsliga2 1112"]
[Site "Nordrheinwestfalen"]
[Date "2012.02.05"]
[Round "6.8"]
[White "Vierbuchen, Joachim"]
[Black "Reinacher, Detlev"]
[Result "1/2-1/2"]
[WhiteElo "1853"]
[BlackElo "1620"]
[PlyCount "97"]
[EventDate "2011.09.18"]
[EventType "team-tourn"]
[EventRounds "9"]
[EventCountry "GER"]
[SourceTitle "EXT 2020"]
[Source "ChessBase"]
[SourceDate "2019.10.17"]
[SourceVersion "1"]
[SourceVersionDate "2019.10.17"]
[SourceQuality "1"]
[WhiteTeam "Hamm SVg"]
[BlackTeam "Dortmund Hansa IV"]
[WhiteTeamCountry "GER"]
[BlackTeamCountry "GER"]

1. d4 Nf6 2. c4 d6 3. Nc3 g6 4. e4 Bg7 5. f4 0-0 6. Nf3 c6 7. Be2 Nbd7 8. e5 Ne8 9. 0-0 a6 10. Be3 b5 11. cxb5 axb5 12. Qb3 Nc7 13. a4 bxa4 14. Rxa4 Rxa4 15. Nxa4 Nd5 16. Bd2 Bh6 17. g3 Qc7 18. Bc4 Qb7 19. Bxd5 cxd5 20. Qxb7 Bxb7 21. exd6 exd6 22. Bb4 Ra8 23. b3 Bf8 24. f5 Nf6 25. fxg6 hxg6 26. Ng5 Kg7 27. Nb6 Rd8 28. g4 Bc8 29. Nxf7 Kxf7 30. g5 Bf5 31. gxf6 Kxf6 32. Nxd5+ Kg7 33. Ne3 Be6 34. d5 Bd7 35. Bc3+ Kg8 36. Rf6 Be8 37. Rf2 Bh6 38. Ng4 Bg7 39. Bxg7 Kxg7 40. Rc2 Rb8 41. Rc3 g5 42. Kf2 Kg6 43. Ne3 Rb5 44. Kf3 Bf7 45. Ke4 g4 46. Rc6 Rxb3 47. Rxd6+ Kg5 48. Kd4 Rb2 49. Rd7 1/2-1/2

[Event "Ruhrgebiet Regionalliga 1011"]
[Site "Nordrheinwestfalen"]
[Date "2011.05.08"]
[Round "9.7"]
[White "Vierbuchen, Joachim"]
[Black "Schlenter, Ruediger"]
[Result "1-0"]
[WhiteElo "1830"]
[BlackElo "1850"]
[PlyCount "155"]
[EventDate "2010.09.19"]
[EventType "team-tourn"]
[EventRounds "9"]
[EventCountry "GER"]
[SourceTitle "EXT 2020"]
[Source "ChessBase"]
[SourceDate "2019.10.17"]
[SourceVersion "1"]
[SourceVersionDate "2019.10.17"]
[SourceQuality "1"]
[WhiteTeam "Hamm SVg"]
[BlackTeam "Essen Ueberruhr"]
[WhiteTeamCountry "GER"]
[BlackTeamCountry "GER"]

1. d4 Nf6 2. c4 g6 3. Nc3 Bg7 4. e4 d6 5. f4 0-0 6. Nf3 Nbd7 7. e5 Ne8 8. Be3 c6 9. Bd3 dxe5 10. fxe5 c5 11. 0-0 cxd4 12. Bxd4 Nc7 13. Ne4 Ne6 14. Bc3 Qc7 15. Qe1 Nxe5 16. Nxe5 Bxe5 17. Qh4 Bxc3 18. Nxc3 Qb6+ 19. Kh1 Qd4 20. Be4 Nc5 21. Qxe7 Nxe4 22. Nxe4 f5 23. Ng5 Qg7 24. Rfe1 Qxe7 25. Rxe7 h6 26. Nf3 Rf7 27. Rae1 Rxe7 28. Rxe7 b6 29. Kg1 Kf8 30. Rh7 Kg8 31. Rc7 Be6 32. Ne5 b5 33. b3 bxc4 34. bxc4 a5 35. Nxg6 Rb8 36. Nf4 Bf7 37. Nd3 Rd8 38. Ne5 Bh5 39. Rd7 Rb8 40. Rd2 Rb1+ 41. Kf2 Rc1 42. Ke3 Kf8 43. h3 Ke7 44. Nc6+ Ke6 45. Nxa5 Rc3+ 46. Kd4 Ra3 47. Nb3 Kd6 48. c5+ Kc6 49. Kc3 Bf7 50. Rd6+ Kc7 51. Kb2 Ra4 52. Rxh6 Bd5 53. g3 f4 54. gxf4 Rxf4 55. Rd6 Bg2 56. Rh6 Rf2+ 57. Ka3 Be4 58. Rd6 Rh2 59. Nd2 Rxh3+ 60. Kb4 Bc6 61. Rd4 Rh1 62. Rg4 Rh2 63. Rg7+ Kc8 64. Kc3 Rh3+ 65. Kd4 Ra3 66. Ke5 Rd3 67. Nb3 Ba4 68. Rh7 Bxb3 69. axb3 Rxb3 70. Kd6 Rd3+ 71. Kc6 Rd8 72. Rc7+ Kb8 73. Rd7 Rg8 74. Kb6 Kc8 75. Ra7 Kb8 76. Rf7 Kc8 77. c6 Rh8 78. Ra7 1-0

[Event "Ruhrgebiet Regionalliga 1011"]
[Site "Nordrheinwestfalen"]
[Date "2010.09.19"]
[Round "1.6"]
[White "Georg, Heinz"]
[Black "Vierbuchen, Joachim"]
[Result "1-0"]
[WhiteElo "2143"]
[BlackElo "1830"]
[PlyCount "69"]
[EventDate "2010.09.19"]
[EventType "team-tourn"]
[EventRounds "9"]
[EventCountry "GER"]
[SourceTitle "EXT 2020"]
[Source "ChessBase"]
[SourceDate "2019.10.17"]
[SourceVersion "1"]
[SourceVersionDate "2019.10.17"]
[SourceQuality "1"]
[WhiteTeam "Kamen SV"]
[BlackTeam "Hamm SVg"]
[WhiteTeamCountry "GER"]
[BlackTeamCountry "GER"]

1. e4 c5 2. Nf3 Nc6 3. Bb5 g6 4. 0-0 d6 5. c3 Nf6 6. d4 Bd7 7. Re1 cxd4 8. cxd4 Bg7 9. Nc3 0-0 10. h3 a6 11. Bxc6 bxc6 12. e5 Ne8 13. exd6 Nxd6 14. Na4 Be6 15. Ne5 Bd5 16. Bd2 Rb8 17. b3 Ne4 18. Qc2 f6 19. Nc4 Nxd2 20. Nxd2 e5 21. dxe5 fxe5 22. Ne4 Rb4 23. Nac5 Qh4 24. f3 a5 25. Qf2 Qe7 26. Rac1 Bh6 27. Rc2 Rb5 28. Nd3 Bxe4 29. Rxe4 Rd5 30. Qe2 Rfd8 31. Nf2 Qa7 32. g3 Rd2 33. Qc4+ Kh8 34. Rxd2 Rxd2 35. Re2 1-0

[Event "Ruhrgebiet VL2 0910"]
[Site "Germany"]
[Date "2009.09.06"]
[Round "1.8"]
[White "Vierbuchen, Joachim"]
[Black "Rethage, Steffen"]
[Result "1-0"]
[WhiteElo "1860"]
[BlackElo "1743"]
[PlyCount "115"]
[EventDate "2009.09.06"]
[EventType "team-tourn"]
[EventRounds "9"]
[EventCountry "GER"]
[SourceTitle "EXT 2011"]
[Source "ChessBase"]
[SourceDate "2010.11.26"]
[SourceVersion "1"]
[SourceVersionDate "2010.11.26"]
[SourceQuality "1"]
[WhiteTeam "Hamm SVg"]
[BlackTeam "Linden"]
[WhiteTeamCountry "GER"]
[BlackTeamCountry "GER"]

1. d4 d5 2. c4 e6 3. Nc3 Be7 4. Nf3 Nf6 5. Bg5 0-0 6. e3 h6 7. Bh4 b6 8. cxd5 Nxd5 9. Nxd5 exd5 10. Bxe7 Qxe7 11. Rc1 Bg4 12. Be2 Qb4+ 13. Qd2 Qxd2+ 14. Kxd2 Rc8 15. b4 a5 16. b5 c5 17. bxc6 Nxc6 18. Bb5 Ne7 19. Ne5 Be6 20. Bd7 Rxc1 21. Rxc1 Ra7 22. Bxe6 fxe6 23. Nc6 Rc7 24. Nxe7+ Rxe7 25. Rc6 b5 26. Rb6 b4 27. Ra6 Rf7 28. f3 Rb7 29. Kc2 Rc7+ 30. Kd2 Rb7 31. Rxa5 b3 32. axb3 Rxb3 33. Ra2 Kf7 34. h4 h5 35. Ke2 Kf6 36. Ra8 Rb2+ 37. Kf1 Rb1+ 38. Kf2 Rb2+ 39. Kg3 Re2 40. Ra3 g5 41. hxg5+ Kxg5 42. f4+ Kf5 43. Kf3 Rb2 44. Ra8 Rb7 45. Rf8+ Kg6 46. Rg8+ Rg7 47. Re8 Kf5 48. Rh8 Kg6 49. g3 Rh7 50. Rxh7 Kxh7 51. e4 Kg6 52. exd5 exd5 53. g4 hxg4+ 54. Kxg4 Kf6 55. f5 Kf7 56. Kg5 Kg7 57. f6+ Kf7 58. Kf5 1-0

[Event "Ruhrgebiet VK2 0304"]
[Site "Ruhrgebiet"]
[Date "2004.01.04"]
[Round "5.6"]
[White "Reschke, Juergen"]
[Black "Vierbuchen, Joachim"]
[Result "0-1"]
[WhiteElo "1971"]
[BlackElo "1902"]
[PlyCount "84"]
[EventDate "2003.09.28"]
[EventType "team"]
[EventRounds "9"]
[EventCountry "GER"]
[SourceTitle "EXT 2007"]
[Source "ChessBase"]
[SourceDate "2006.11.23"]
[SourceVersion "1"]
[SourceVersionDate "2006.11.23"]
[SourceQuality "1"]
[WhiteTeam "Dortmund Hansa III"]
[BlackTeam "Hamm 1911"]
[WhiteTeamCountry "GER"]
[BlackTeamCountry "GER"]

1. e4 c5 2. Nc3 Nc6 3. g3 g6 4. Bg2 Bg7 5. d3 d6 6. f4 e6 7. Nf3 Nge7 8. 0-0 Rb8 9. Be3 b6 10. Qd2 0-0 11. Nh4 d5 12. exd5 exd5 13. Bf2 Nd4 14. Rae1 Bb7 15. Nd1 Nef5 16. Nxf5 Nxf5 17. c3 d4 18. c4 Qd7 19. Bxb7 Qxb7 20. Re4 h5 21. Rfe1 Bf6 22. Rf1 Nd6 23. Re2 Rbe8 24. Rxe8 Rxe8 25. Be1 Nf5 26. b4 a6 27. a4 Re6 28. b5 a5 29. Bf2 Qe7 30. Re1 Ne3 31. Re2 Ng4 32. Rxe6 Qxe6 33. Qe1 Qxe1+ 34. Bxe1 Ne3 35. Nxe3 dxe3 36. Kg2 Bd4 37. Kf3 f5 38. h3 Kf7 39. g4 Kf6 40. Bh4+ Ke6 41. Bd8 hxg4+ 42. hxg4 fxg4+ 0-1

[Event "Ruhrgebiet VK2 0304"]
[Site "Ruhrgebiet"]
[Date "2003.12.07"]
[Round "4.6"]
[White "Vierbuchen, Joachim"]
[Black "Goebel, Marc"]
[Result "1/2-1/2"]
[WhiteElo "1902"]
[BlackElo "1759"]
[PlyCount "86"]
[EventDate "2003.09.28"]
[EventType "team"]
[EventRounds "9"]
[EventCountry "GER"]
[SourceTitle "EXT 2007"]
[Source "ChessBase"]
[SourceDate "2006.11.23"]
[SourceVersion "1"]
[SourceVersionDate "2006.11.23"]
[SourceQuality "1"]
[WhiteTeam "Hamm 1911"]
[BlackTeam "Wattenscheid IV"]
[WhiteTeamCountry "GER"]
[BlackTeamCountry "GER"]

1. d4 Nf6 2. c4 d6 3. Nc3 Nbd7 4. e4 e5 5. Nf3 Be7 6. Be2 0-0 7. 0-0 h6 8. h3 c6 9. d5 cxd5 10. cxd5 Nh7 11. Nd2 f5 12. exf5 Rxf5 13. Bg4 Rf8 14. Be6+ Kh8 15. Nde4 Ndf6 16. Bxc8 Rxc8 17. Be3 Nxe4 18. Nxe4 a6 19. Qb3 Qd7 20. a4 Nf6 21. f3 Nh5 22. Rac1 Nf6 23. Rc3 Nxe4 24. fxe4 Rxf1+ 25. Kxf1 Rf8+ 26. Kg1 Bd8 27. Qc2 Kg8 28. b4 Qf7 29. Qe2 Bh4 30. Rc2 Qd7 31. b5 axb5 32. Qxb5 Qf7 33. Qe2 Qd7 34. Qb5 Qf7 35. Qd3 Qg6 36. Rc4 Bg5 37. Bxg5 Qxg5 38. Rc7 Rf7 39. Rxf7 Kxf7 40. Qf1+ Ke7 41. Qb1 Qe3+ 42. Kh1 b6 43. Qc2 Qc5 1/2-1/2

[Event "Ruhrgebiet VK2 0304"]
[Site "Ruhrgebiet"]
[Date "2003.09.28"]
[Round "1.6"]
[White "Hornung, Ruediger"]
[Black "Vierbuchen, Joachim"]
[Result "1/2-1/2"]
[WhiteElo "1940"]
[BlackElo "1902"]
[PlyCount "123"]
[EventDate "2003.09.28"]
[EventType "team"]
[EventRounds "9"]
[EventCountry "GER"]
[SourceTitle "EXT 2007"]
[Source "ChessBase"]
[SourceDate "2006.11.23"]
[SourceVersion "1"]
[SourceVersionDate "2006.11.23"]
[SourceQuality "1"]
[WhiteTeam "Eving SV Rochade"]
[BlackTeam "Hamm 1911"]
[WhiteTeamCountry "GER"]
[BlackTeamCountry "GER"]

1. e4 c5 2. c3 d5 3. exd5 Qxd5 4. Nf3 Nc6 5. d4 e6 6. Be2 Nf6 7. 0-0 Be7 8. h3 0-0 9. Be3 cxd4 10. cxd4 Qa5 11. Nc3 a6 12. Qb3 Bd7 13. a3 b5 14. d5 exd5 15. Nxd5 Be6 16. Nxe7+ Nxe7 17. Qb4 Nc6 18. Qd6 Rac8 19. b4 Qd8 20. Qxd8 Nxd8 21. Bc5 Re8 22. Nd4 Bd5 23. Bd3 Ne6 24. Nxe6 Bxe6 25. Rac1 Red8 26. Be2 Ne4 27. Bb6 Rd6 28. Bc7 Rd2 29. Bf3 Bf5 30. g4 Bg6 31. Bf4 Rdd8 32. h4 f5 33. h5 Rxc1 34. Rxc1 Bf7 35. gxf5 Nf6 36. Bg5 Re8 37. Bxf6 gxf6 38. Rc6 Re5 39. h6 Kf8 40. Rxf6 Ke7 41. Rxa6 Rxf5 42. Bg4 Rg5 43. f3 Bg6 44. Kf2 Rd5 45. Kg3 Rd4 46. Kh4 Kf7 47. Kg5 Rd5+ 48. Kf4 Rd3 49. Rb6 Rxa3 50. Rxb5 Bd3 51. Rb6 Be2 52. Kg5 Bc4 53. Rb7+ Kg8 54. Rg7+ Kh8 55. Rc7 Bg8 56. Rc8 Ra6 57. Rc7 Rb6 58. f4 Rxb4 59. f5 Rb5 60. Re7 Bb3 61. Be2 Rc5 62. Kf4 1/2-1/2